000 00349nam a22001337a 4500
020 _a8131706923
082 _222
_a658.22
100 _aCerto, Smauel C and Certo, S Trevis.
245 _aModern management /
250 _a10th.
260 _aNew Delhi,
_bPearson Education,
_cc2007.
300 _axxii, 621 p.
_bill. ;
_c28 cm.
942 _2ddc
_cMAG
_09
999 _c289
_d289